000 00866nam a2200217 i 4500
001 185264
003 ES-MaACL
005 20230906222401.0
008 160429s1858 sp c |||| | spa d
111 2 _aExposicion Nacional de Bellas Artes (
_d1858.
_cMadrid)
_9159465
245 1 0 _aCatálogo de la Exposición General de Bellas Artes de 1858, verificada en el Ministerio de Fomento.
260 _a[S.l. :
_bs.n.],
_c1858 (
_eMadrid :
_fImp. Nacional)
300 _a37 p. ;
_c22 cm.
650 4 _aArte europeo-
_yS.XIX-
_vExposiciones.
_9159464
650 4 _aArte español-
_yS.XIX-
_vExposiciones.
_9138900
655 7 _2tgfbne
_9193628
_aCatálogos de exposiciones
710 1 _aEspaña.
_bMinisterio de Fomento.
_93868
852 _aES-MaACL
_jT-207-F-4
_z- Enc. en un vol. facticio, falto de cub. original
942 _2udc
999 _c185264
_d185264